| 000 | 00418nam a2200157 i 4500 | ||
|---|---|---|---|
| 001 | 32970 | ||
| 003 | ES-MaACL | ||
| 005 | 20230906154654.0 | ||
| 007 | t| | ||
| 008 | 030131s1917 fr ||||1| fre d | ||
| 100 | 1 |
_aBernard, François. _928233 |
|
| 245 | 1 | 3 |
_aLe Maroc economique et agricole / _cpar François Bernard. |
| 260 |
_aParis : _bMasson, _c1917. |
||
| 300 |
_a212 p. ; _c25 cm. |
||
| 852 |
_aES-MaACL _jF-9904 |
||
| 999 |
_c32970 _d32970 |
||